000
00285nam a22001097a 4500
082
_a
621.3823 SAN'O
100
_a
SACHUNAMAN, F,SANDS, LES G
_9
79596
245
_a
101 QUESTIONS AND ANSWERS ABOUT HI-FI AD STEREO
260
_a
ENGLAND
_b
W. FOULSHAM
_c
1970
300
_a
128P
942
_c
BK
999
_c
584619
_d
584619